00460nam a2200169 i 450000100060000000300090000600500170001500700030003200800410003510000350007624500480011125000320015926000340019130000270022565000180025285200200027078719ES-MaACL20250929063132.0t|041015s1932 sp ||||1| spa d1 aHédon, Emmanuel, d1863-193310aCompendio de Fisiología / cpor E. Hedon. a10ª ed. rev., corr. y aum. aBarcelona : bSalvat, c1932. aVII, 845 p. ; c21 cm. 4aFisiología. aES-MaACLjE-470